MDQL
is popping MORE tags! Check the
thread
!
Quizzes
Events
Quiz Creation
Community
Videos
Private Events
Remove Ads
Sign In
Join for FREE
Feedback
Dark Mode
Quiz Categories
Sports
Geography
Music
Movies
Television
Just For Fun
Miscellaneous
History
Literature
Language
Science
Gaming
Entertainment
Religion
Holiday
For Kids
Quiz Lab
Recent
Popular Today
Quiz Kudos Today
Editor Picks
Curator Picks
Quizzes by...
Day
Popularity
Type
Ratings
Length
Year
Community
Subscriptions
Recent Discussions
Orange Saloon
Badges
Playlists
Quests
Create
Leaderboards
Showdown
Live 5
Trivia Bingo
Activity
Puzzle Library
Sporcle Events
Private Events
Virtual Trivia
Globe League
Become a Host
Pub Owners
SporcleCon
Opinionation
Our Games
Videos
Blog
Mobile Apps
Partnerships
Remove Ads and Go Orange
Feedback
Geography
Country
Landmarks
City
State
Population
World
Capital
Continent
Flags
Europe
Africa
Asia
South America
North America
Oceania
Border
Canada
United Kingdom
Topography
United States
Geography
Country
Landmarks
City
State
Population
World
Capital
Continent
Flags
Europe
Africa
Asia
South America
North America
Oceania
Border
Canada
United Kingdom
Topography
United States
Random Quiz
Search Sporcle
×
Quiz Lab
Quiz Lab
Geography
bus
Type in answers that appear in a list
Type in answers that appear in a list
Classic
Best Score? Go Orange.
West London Bus routes by terminus Stats
Can you name the West London Bus routes by termini?
By
vincenzoqpr
7m
50 Questions
291 Plays
291 Plays
291 Plays
Comments
Comments
Give Quiz Kudos
Give Quiz Kudos
-
- Ratings
hide this ad
Forced Order
Answers have to be entered in order
Answers have to be entered in order
Random Order
Randomize order of answers
Randomize order of answers
Replay
Link that replays current quiz
Next Quiz
Link to next quiz in quiz playlist
You Got
0%
They Got
Avg Score
52%
Avg Friend Score
Upgrade to see
Score Distribution
Jump to the score distribution portion of the page
Score
0/50
Timer
07:00
0
Plays Today
Termini
Route number
% Correct
Kingston -
Ealing Broadway
65
72.4%
Picadilly Circus -
Acton Green
94
69%
Uxbridge -
White City
607
67.9%
Sudbury Town -
Euston
18
67.2%
Camberwell -
White City
148
62.4%
Feltham -
Northolt
90
62.1%
Hounslow Heath -
White City
237
62.1%
Heathrow Airport -
Kingston via Hounslow
111
61.4%
Heathrow Airport -
Harrow Weald
140
61.4%
Wandsworth -
Willesden Junction stn
220
61%
Richmond -
West Brompton
190
61%
Acton -
South Kensington
70
60.3%
Ealing Hospital -
Golders Green
83
60%
Hounslow -
Uxbridge
222
59.7%
Hammersmith -
Waterloo Stn
211
59.7%
Hounslow -
Tolworth
281
57.9%
Chiswick -
Greenford
E3
57.2%
Heathrow Airport -
Greenford Station
105
56.9%
Uxbridge -
Acton High st
427
55.9%
Heathrow Airport -
Kingston via Feltham
285
55.9%
Fullwell -
Hammersmith
33
55.9%
Paddington -
Bow
205
55.9%
Ealing Broadway -
Brentford
E8
55.9%
Putney Bridge -
Kingston
85
55.5%
White City -
Southall Town Hall
95
54.5%
Termini
Route number
% Correct
Ealing Broadway -
Greenford
E1
54.1%
Brentford -
Greenford
E2
53.8%
Ealing Broadway -
Yeading Barnhill estate
E9
53.1%
Hammersmith -
Hounslow
H91
52.4%
North Cheam -
Putney
93
52.4%
Northolt -
Hounslow
120
52.4%
Staines -
Hounslow
203
52.4%
Ealing Hospital -
St Raphaels estate north
92
51.7%
Brentford -
Lower Sunbury
235
51.4%
Brentford Half Acre -
Charville Lane Estate
195
51%
Mount Vernon Hospital -
Ealing Hospital
282
51%
Brent Cross -
Harrow Weald
182
51%
Hampton Court -
Kew Retail Park
R68
51%
Hayes End -
Hounslow
H98
50.7%
Southall Toplocks Estate -
Perivale Tesco
E5
48.3%
Twickenham -
West Middlesex Hospital
110
47.9%
Hounslow Blenheim Centre -
Richmond Manor Circus
H37
46.9%
Southall Town Hall -
Heathrow Terminal 5
482
43.1%
Central Middlesex Hospital -
Finchley Road Sainsbury's
187
41%
Wembley Stadium stn -
St Raphaels Estate
224
35.5%
Mitcham -
Putney Bridge
270
35.2%
Alperton -
Golders Green
245
33.8%
Heathrow Airport -
High Wycombe
A40
29.3%
Wembley Montrose Crescent -
Harrow
H17
22.8%
East Acton -
Russell Square
7
18.3%
Quiz Playlist
Details
Report
Send in Message
Add To Playlist
Classic:
Type in answers that appear in a list
Forced Order:
Answers have to be entered in order
Random Order:
Randomize order of answers
Last Updated: Feb 16, 2017
Quiz Scoreboard
CHALLENGE
Sign Up to Join the Scoreboard
Show All
Scores
Hide
Comments
May contain spoilers
Recently Published
Two Season TV Shows II
by 123Four
Television
10m
Image Sorting: Flags VI
by Barbecue
Geography
2m
Find the 'City' Movie
by crazypaving
Movies
60s
More to Explore
Quiz From the Vault
Featured Blog Post
14 Easter Pick-up Lines to Find Eggs With
hide this ad
You Might Also Like...
Tags
bus
London
route
transport
transportation
Today's Top Quizzes in Geography
Browse Geography
hide this ad
Top Contributed Quizzes in Geography
1
Colored Red Europe Blitz I
2
Countries of the World - No Outlines Minefield
3
Colored Red Africa Blitz II
4
Colored Red Europe Blitz II
5
Colored Red Europe Blitz III
6
Colored Red Africa Blitz III
7
Colored Red States Blitz I
8
A Different View: World Oceans
9
Colored Red States Blitz II
10
Colored Red States Blitz III
Explore More
Trending Topics
Marvel
Harry Potter
Disney
NBA
Crossword
Kpop
Anime
WWE
Country
Song
Soccer
NFL
The Office
Pokémon
Puzzle
hide this ad
More By:
vincenzoqpr
Quiz
Plays
Rating
Category
Featured
Created
West London Bus routes by terminus
291
Geography
Aug 15, 2012
Go to Creator's Profile
Score Distribution
Quiz Creator Spotlight
vincenzoqpr
Follow
Send a Message
Quizzes Created
-
Created Quiz Play Count
-
More By This Creator
Popular Quizzes Today
1
Colored Red Africa Blitz
2
Find the US States - No Outlines Minefield
3
Find the 'City' Movie
4
5x2 Blitz: Bands
5
The Countries of the World
6
Find the US States
7
Find the Countries of Europe - No Outlines Minefield
8
US States
More Geography Quizzes
Arrange the Capitals: Nordic Countries
Curator's Pick
Trending Quizzes
Colored Red Europe Blitz I
Colored Red Africa Blitz II
Colored Red Europe Blitz II
Colored Red Africa Blitz III
Colored Red Europe Blitz III
Recently Updated
How Do You Spell That?
pecheneg
Godzilla Movies
pecheneg
Grab Bag: 4-10 Letters
pecheneg
2024 March Madness Bracket
pecheneg
Famous TV Couples
Peacemaker
Champions League XIs: Real Madrid
pecheneg
Largest US Cities 1790-2010
pecheneg
Rides in Walt Disney World
pecheneg
Most Oscar Losses (Acting)
pecheneg
Beyoncé Albums
pecheneg
Trending Topics
Harry Potter
Anime
Crossword
NBA
Marvel
Kpop
Disney
The Office
Song
Pokémon
Puzzle
Country
Soccer
WWE
NFL
Your Account Isn't Verified!
In order to create a playlist on Sporcle, you need to verify the email address you used during registration. Go to your
Sporcle Settings
to finish the process.
Report this User
Report this user for behavior that violates our
Community Guidelines
.
Details:
Send Report
Go to the Sporcle.com Mobile Site →
Comments